000 00597nam a2200265Ia 4500
005 20260306163822.0
008 008 260114s9999 xx 000 0 eng d
020 _a9781604738148
037 _aEBOOK
040 _aCRL
040 _beng
040 _cCRL
041 _2eng
041 _aeng
084 _qCRL
100 _aMiller
245 0 _aVoice Of The Leopard
260 _bUniversity Press of Mississippi
260 _c2014
650 _aSocial Work
856 _uhttps://academic.oup.com/book/19524
942 _cEBOOK
999 _c1711619
_d1711619